The noble scholar, jurist, historian


 His Excellency Dr. Abdul Wahhab bin Ibrahim Abu Sulaiman, may Allah have mercy on him.


 He was born in Umm Al-Qura in the year 1356 AH.

إمداد الفتاح بأسانيد ومرويات الشيخ عبد الفتاح / (Record no. 1034)

MARC details
000 -LEADER
fixed length control field 01480cam a22003131i 4500
003 - CONTROL NUMBER IDENTIFIER
control field SA-RiAUC
005 - DATE AND TIME OF LATEST TRANSACTION
control field 20241008150646.0
008 - FIXED-LENGTH DATA ELEMENTS--GENERAL INFORMATION
fixed length control field 241007s1999 su o g b 00000dara c
040 ## - CATALOGING SOURCE
Original cataloging agency SA-RiAUC
Language of cataloging ara
Transcribing agency SA-RiAUC
Description conventions rda
082 04 - DEWEY DECIMAL CLASSIFICATION NUMBER
Classification number 234.6
090 ## - LOCALLY ASSIGNED LC-TYPE CALL NUMBER (OCLC); LOCAL CALL NUMBER (RLIN)
Classification number (OCLC) (R) ; Classification number, CALL (RLIN) (NR) 234.6
Local cutter number (OCLC) ; Book number/undivided call number, CALL (RLIN) ا ب و غ
100 1# - MAIN ENTRY--PERSONAL NAME
Personal name أبو غدة، عبد الفتاح بن محمد بن بشير،
Dates associated with a name 1917-1997
Relator term مؤلف.
245 10 - TITLE STATEMENT
Title إمداد الفتاح بأسانيد ومرويات الشيخ عبد الفتاح /
Statement of responsibility, etc. عبد الفتاح بن محمد بن بشير أبو غدة ؛ تخريج تلميذه محمد بن عبد الله آل رشيد.
250 ## - EDITION STATEMENT
Edition statement الطبعة الأولى.
264 #1 - PRODUCTION, PUBLICATION, DISTRIBUTION, MANUFACTURE, AND COPYRIGHT NOTICE
Place of production, publication, distribution, manufacture الرياض :
Name of producer, publisher, distributor, manufacturer مكتبة الإمام الشافعي،
Date of production, publication, distribution, manufacture, or copyright notice 1999
300 ## - PHYSICAL DESCRIPTION
Extent 688 صفحة :
Other physical details صور ؛
Dimensions 24 سم
336 ## - CONTENT TYPE
Content type term نص
Content type code txt
Source rdacontent
Materials specified كتاب
337 ## - MEDIA TYPE
Media type term بدون وسيط
Media type code n
Source rdamedia
338 ## - CARRIER TYPE
Carrier type term مجلد
Carrier type code nc
Source rdacarrier
500 ## - GENERAL NOTE
General note يشتمل على ملحق بالصور.
504 ## - BIBLIOGRAPHY, ETC. NOTE
Bibliography, etc. note ببليوجرافية : صفحة 663-683.
600 17 - SUBJECT ADDED ENTRY--PERSONAL NAME
Personal name أبو غدة، عبد الفتاح بن محمد بن بشير،
Dates associated with a name 1917-1997
Source of heading or term aucnm
650 #7 - SUBJECT ADDED ENTRY--TOPICAL TERM
Topical term or geographic name entry element الحديث
General subdivision إسناد
Source of heading or term aucsh
650 #7 - SUBJECT ADDED ENTRY--TOPICAL TERM
Topical term or geographic name entry element الحديث
General subdivision رواية
Source of heading or term aucsh
650 #7 - SUBJECT ADDED ENTRY--TOPICAL TERM
Topical term or geographic name entry element الأسماء والكنى والألقاب والأنساب في الحديث
Source of heading or term aucsh
700 1# - ADDED ENTRY--PERSONAL NAME
Personal name آل رشيد، محمد بن عبد الله
Relator term معد.
942 ## - ADDED ENTRY ELEMENTS (KOHA)
Source of classification or shelving scheme Dewey Decimal Classification
Koha item type Books
Suppress in OPAC No
949 ## - LOCAL PROCESSING INFORMATION (OCLC)
a SA-JeALM
d 241007
u mohamedma123
n 1
Holdings
Withdrawn status Lost status Source of classification or shelving scheme Damaged status Not for loan Home library Current library Date acquired Total checkouts Full call number Barcode Date last seen Price effective from Koha item type
    Dewey Decimal Classification     DR AbdElwahab Library DR AbdElwahab Library 10/08/2024   234.6 ا ب و غ 000001476 10/08/2024 10/08/2024 Books